000 00779nam a2200277 a 4500
001 000013091
003 DO-SdBNP
005 20171002093315.0
007 000013091
008 091120s2000 dr 000 f spa d
020 _a8481301337
040 _aBPMSU
_bspa
_cBPMSU
082 0 4 _aA863.44
_bS113t, 2000
100 1 _aSábato, Ernesto,
_d1911-
245 1 3 _aEl túnel /
_cErnesto Sábato.
260 _aSanto Domingo :
_bEl Siglo,
_c2000.
300 _a126 p. ;
_c21 cm.
490 1 _aJoyas del milenio
_v13
650 4 _aNOVELA ARGENTINA
650 4 _aLITERATURA ARGENTINA
830 0 _aJoyas del milenio;
_v13
910 _aValidado. Control de calidad MFF
942 _2ddc
_cBK
945 _aInventariado / 2017 VM
956 _aVMATEO
_b10
_c20150722
_lBPMSU
_h00151
999 _c7523
_d7523